000 01258cam a22003257a 4500
999 _c6273
_d6273
001 16555877
003 GZU
005 20210421092744.0
008 101129s2008 miua b 001 0 eng d
010 _a 2010283930
020 _a9780866123280 (pbk.)
035 _a(OCoLC)ocn443337289
040 _aTXH
_cTXH
_dTXH
_dYDXCP
_dBTCTA
_dZ@L
_dDLC
042 _alccopycat
050 0 0 _aTX911.3.E84
_bLIE 2008
100 1 _aLieberman, Karen.
_eauthor
245 1 0 _aEthics in the hospitality and tourism industry /
_cKaren Lieberman, Bruce Nissen.
250 _a2nd ed.
260 _aLansing, Mich. :
_bAmerican Hotel & Lodging Educational Institute,
_cc2008.
300 _axvi, 259 p. :
_bill. ;
_c23 cm.
504 _aIncludes bibliographical references and index.
650 0 _aHospitality industry
_xMoral and ethical aspects
_vCase studies.
650 0 _aTourism
_xMoral and ethical aspects
_vCase studies.
700 1 _aNissen, Bruce,
_d1948-
_eauthor
710 2 _aAmerican Hotel & Lodging Educational Institute.
906 _a7
_bcbc
_ccopycat
_d3
_encip
_f20
_gy-gencatlg
936 _aPR 264741049
942 _2lcc
_cBK
_e2nd edition
_h911.3.E84
_iLIE
_kTX